| 000 | 00497nam a22001817a 4500 | ||
|---|---|---|---|
| 003 | BD-ChCU | ||
| 005 | 20260405133805.0 | ||
| 008 | 260405b bg ||||| |||| 00| 0 ben d | ||
| 040 | _cBD-ChCU | ||
| 082 | _a330.1 THE | ||
| 100 |
_aThomas , S. Evelyn . _921168 |
||
| 245 |
_aElements of economics ./ _cS. Evelyn , Thomas./ |
||
| 250 | _a7th ed. | ||
| 260 |
_aLondon : _bDonnington press , _cC 1934 |
||
| 300 | _aviii , 737p. | ||
| 650 | 0 |
_aEconomics , Theory of . _921171 |
|
| 942 |
_2ddc _cBK _n0 |
||
| 999 |
_c112049 _d112049 |
||